LEADER 00987nam0-2200337li-450 001 990000144790203316 005 20180312154800.0 010 $a0-262-19297-7 035 $a0014479 035 $aUSA010014479 035 $a(ALEPH)000014479USA01 035 $a0014479 100 $a20001109d1993----km-y0itay0103----ba 101 0 $aeng 102 $aUS 200 1 $aConcurrent constraint programming$fVijay A. Saraswat 210 $aCambridge (Mass.)$cMIT Press$dcopyr. 1993 610 1 $aprogrammazione parallela 676 $a005.131$9. 700 1$aSaraswat,$bVijay A.$0753169 801 $aSistema bibliotecario di Ateneo dell' Università di Salerno$gRICA 912 $a990000144790203316 951 $a005.131 SAR$b0004836 959 $aBK 969 $aTEC 979 $c19940916 979 $c20001110$lUSA01$h1712 979 $c20020403$lUSA01$h1622 979 $aPATRY$b90$c20040406$lUSA01$h1611 996 $aConcurrent constraint programming$91515057 997 $aUNISA LEADER 01560nas 2200349 n 450 001 990008993130403321 005 20240229084333.0 011 $a0022-4561 035 $a000899313 035 $aFED01000899313 035 $a(Aleph)000899313FED01 035 $a000899313 091 $2CNR$aP 00078235 100 $a20161109a19469999km-y0itaa50------ba 101 0 $aeng 110 $aauu-------- 200 1 $aJournal of soil and water conservation 207 1$a1946- 210 $aBaltimore$cSoil Conservation Society of America 530 0 $aJournal of soil and water conservation 676 $a631.4/5/05 712 02$aSoil Conservation Society of America 801 0$aIT$bACNP$c20090723 859 4 $uhttp://acnp.cib.unibo.it/cgi-ser/start/it/cnr/dc-p1.tcl?catno=51641&person=false&language=ITALIANO&libr=&libr_th=unina1$zBiblioteche che possiedono il periodico 901 $aSE 912 $a990008993130403321 958 $aBiblioteca del Dipartimento di Ingegneria Agraria e Agronomia del Territorio. Sez. Agronomia e coltivazioni$b1976-$fDAGAC 959 $aDAGAC 996 $aJournal of soil and water conservation$9794283 997 $aUNINA AP1 8 $6866-01$aNA218 Biblioteca del Dipartimento di Ingegneria Agraria e Agronomia del Territorio. Sez. Agronomia e coltivazioni$ev. Università, 100, 80055 Portici (NA)$m08125.39132/39123$nit AP2 40$aacnp.cib.unibo.it$nACNP Italian Union Catalogue of Serials$uhttp://acnp.cib.unibo.it/cgi-ser/start/it/cnr/df-p.tcl?catno=51641&language=ITALIANO&libr=&person=&B=1&libr_th=unina&proposto=NO